000 00542nam a22001817a 4500
999 _c163358
_d163358
005 20190411120643.0
010 _aB-163757
020 _a8125918701
_c125.00
035 _aB-163757
037 _bVikas Publishing House Pvt. Ltd.
082 _a670
100 _aJeyapoovan, T
245 _aManufacturing technology :
_blab manual /
_cT. Jeyapoovan {and} S. Sundaram
260 _aNew Delhi
_bvikas Publishing House Pvt. Ltd.
_c2005
300 _a142p.
_c23cm(pbk)
700 _asundaram, S
942 _2ddc
_cEN
_h670
_mJEY